London Underground Stations by Synonym - Statistics

General Stats
  • This quiz has been taken 35 times
  • The average score is 13 of 20
Answer Stats
Hint Answer % Correct
Woofing Barking
97%
Financial Institution Bank
93%
007 Lane Bond Street
93%
Patisserie Road Baker Street
86%
Mammoth and Fortress Elephant and Castle
83%
Occidental Gammon West Ham
83%
Armoury Arsenal
79%
Oriental Gammon East Ham
79%
Herdsman's Shrub Shepherd's Bush
69%
Elliptical Oval
66%
Netherlands Esplanade Holland Park
62%
Scorched Quercus Burnt Oak
59%
Shrine Temple
59%
Alabaster Metropolis White City
59%
Chalky Church Whitechapel
55%
Crimson Overpass Redbridge
52%
Helvetican House Swiss Cottage
48%
Lofty Turnstile Highgate
41%
Stork Docks Heron Quays
24%
Monarch Septet Seven Kings
17%
No matching quizzes found
Score Distribution
Percent of People with Each Score
Percentile by Number Answered
Your Score History
You have not taken this quiz